000 00253nam a22001097a 4500
040 _cnust
082 _a628.212
_bGUO
100 _aJames C.Y Guo
_9122651
245 _aUrban Drainage and storage Practices .
300 _a416,p;
_c25cm
942 _2ddc
_cBK
999 _c609102
_d609102